Mechanical design in organisms

Αποθηκεύτηκε σε:
Λεπτομέρειες βιβλιογραφικής εγγραφής
Άλλοι συγγραφείς: Wainwright, Stephen A. 1931-
Μορφή: Βιβλίο
Γλώσσα:English
Δημοσίευση: Princeton : Princeton University Press, c1982
Θέματα:
Ετικέτες: Προσθήκη ετικέτας
Δεν υπάρχουν, Καταχωρήστε ετικέτα πρώτοι!

MARC

LEADER 00000nam a2200000 i 4500
001 1/56194
008 140917s1982 eng d
020 |a 0-691-08308-8 (pbk.) 
035 |l 10119139 
040 |a GR-MY-UA  |b gre  |e aacr 
041 0 |a eng 
082 0 |a 571.43  |2 (23) 
245 1 0 |a Mechanical design in organisms /  |c S.A. Wainwright ...[κ.ά.] 
260 |a Princeton :   |b Princeton University Press,   |c c1982 
300 |a xii, 423 σ.;  |b εικ.;  |c 23 εκ. 
504 |a Βιβλιογραφία: σ. 369-394. Ευρετήριο 
650 0 0 |a Biomechanics. 
650 0 0 |a Strength of materials. 
700 1 |a Wainwright, Stephen A.  |d 1931- 
852 |a INST  |b SYROS  |e 20140917  |h 571.43 MEC  |p 005500012497  |q 005500012497  |t BK  |y 0 
901 |a BIBL5-2014-3 
909 |a Ε  |b 189250 
922 |a 5ΕΛΗ  |b 201405  |c ΒΙΒΛΙΟΘΗΚΗ ΣΥΡΟΥ  |d ΔΙΑΔΡΟΜΕΣ 
970 |a ΚΟΝΤΟΥ  |b ΠΑΡΑΣΚΕΥΗ  |z 2014/09/17